Statistics for Times Tables - 9x

Click here to take the quiz!

General Stats

  • This quiz has been taken 66 times
  • The average score is 12 of 12

Answer Stats

EquationAnswer% Correct
2x918
100%
1x99
100%
3x927
98%
4x936
98%
5x945
98%
6x954
98%
7x963
98%
8x972
98%
9x981
98%
10x990
98%
11x999
96%
12x9108
95%

Score Distribution

Percentile by Number Answered

Percent of People with Each Score

Your Score History

You have not taken this quiz